00378nam a2200145Ia 4500003000400000005001700004008004100021040000900062082001500071100002100086245005000107260004300157300000900200650002300209OSt20200707113505.0190216s9999||||xx |||||||||||||| ||und|| coclc a973bBEE/U aBeer, Kenneth E  4aThe U.S.A Answers Questions /cKenneth E Beer bHigginbothams Pvt Ltd,c1968.aMadras: a215p aHistory Of America